header

Tylenchida (Record no. 136155)

MARC details
000 -LEADER
fixed length control field 01269nam a2200325Ia 4500
082 04 - DEWEY DECIMAL CLASSIFICATION NUMBER
Classification number 592/.57
100 1# - MAIN ENTRY--AUTHOR NAME
Personal name Siddiqi, Mohammad Rafiq.
245 10 - TITLE STATEMENT
Title Tylenchida
250 ## - EDITION STATEMENT
Edition statement 2nd ed.
260 ## - PUBLICATION, DISTRIBUTION, ETC. (IMPRINT)
Place of publication Wallingford, Oxon, UK ;
-- New York :
Name of publisher CABI Pub.,
Year of publication 2000.
300 ## - PHYSICAL DESCRIPTION
Number of Pages xvii, 833 p. :
Other physical details ill.
500 ## - GENERAL NOTE
General note First ed. published in January 1986.
650 #0 - SUBJECT ADDED ENTRY--TOPICAL TERM
Topical Term Tylenchida
Topical Term Parasites.
856 40 - ELECTRONIC LOCATION AND ACCESS
Uniform Resource Identifier http://site.ebrary.com/lib/rucke/Doc?id=10170086

No items available.

© 2026 Rongo University
Contact us: librarian | system librarian | Rongo university